Sports Quiz

Random Sports or Football Quiz

NFL Super Bowl Winning Coaches Quiz Stats

 Plays Quiz Updated Feb 7, 2021

Support Sporcle.
Go Orange.
Score 0/34 Timer 05:00
4 Plays Today
Super Bowl(s) Coach % Correct
I, IIVince Lombardi
92.7%
LIVAndy Reid
90.7%
XLITony Dungy
86.8%
XLVIIJohn Harbaugh
86.5%
XLVIIIPete Carroll
84.9%
LVBruce Arians
84%
XXVII, XXVIIIJimmy Johnson
83.7%
XXXVIIJon Gruden
82.4%
XLII, XLVITom Coughlin
81.7%
XXMike Ditka
80.8%
XLBill Cowher
80.2%
XIJohn Madden
79.6%
XXXVI, XXXVIII, XXXIX, XLIX, LI, LIIIBill Belichick
77.9%
XLIIIMike Tomlin
77.8%
XXXII, XXXIIIMike Shanahan
77.1%
VII, VIIIDon Shula
76.8%
XXI, XXVBill Parcells
76.3%
Super Bowl(s) Coach % Correct
VI, XIITom Landry
75.2%
XVI, XIX, XXIIIBill Walsh
73.2%
LIIDoug Pederson
73%
XXXIMike Holmgren
72.1%
XVII, XXII, XXVIJoe Gibbs
68.9%
XXXVBrian Billick
67%
IX, X, XIII, XIVChuck Noll
65.1%
50Gary Kubiak
65%
XXXIVDick Vermeil
63.2%
XLIVSean Payton
61.7%
XXXBarry Switzer
59.7%
XXIV, XXIXGeorge Seifert
50.6%
IVHank Stram
48.6%
XLVMike McCarthy
46%
IIIWeeb Ewbank
38%
XV, XVIIITom Flores
36.3%
VDon McCafferty
9.3%

From the Vault

3 Movies, 1 Missing Word VII

by ghcgh

Movies 4m
If only we could put together a mashup of some of these movies.
Remove Ads.
Support Sporcle.
Get the best of Sporcle when you Go Orange. This ad-free experience offers more features, more stats, and more fun while also helping to support Sporcle. Thank you for becoming a member.

Show Comments

Extras

Top Quizzes Today


Score Distribution

Your Account Isn't Verified!

In order to create a playlist on Sporcle, you need to verify the email address you used during registration. Go to your Sporcle Settings to finish the process.

Report this User

Report this user for behavior that violates our Community Guidelines.

Details: